Banskobystrický kraj v číslach ...
| Other Authors: | , |
|---|---|
| Format: | Serial |
| Language: | Slovak English |
| PhysicalDescription: | zv. grafy, tab. 15-22 cm Vydanie aj online |
| Published: |
Banská Bystrica
Štatistický úrad Slovenskej republiky
|
| ISBN: | 9788081211171 (brož. : 2011) 9788081216633 (brož. : 2018) 9788081217326 (brož. : 2019) 9788081217982 (brož. : 2020) |
| Subjects: |
MARC
| LEADER | 00000cas a2200000 a 4500 | ||
|---|---|---|---|
| 001 | vtls010434523 | ||
| 003 | SK-MaSNL | ||
| 005 | 20260228160034.0 | ||
| 008 | 120709c201u9999xo ar| s 0 b0slo | ||
| 015 | |a SNB2012-(r. 2011) |a SNB2019-(r. 2018) |a SNB2020-(r. 2019) |a SNB2021-(r. 2020) | ||
| 020 | |a 9788081211171 (brož. : 2011) |z 9788081210495 | ||
| 020 | |a 9788081216633 (brož. : 2018) | ||
| 020 | |a 9788081217326 (brož. : 2019) | ||
| 020 | |a 9788081217982 (brož. : 2020) | ||
| 040 | |a SVKBB |b slo |c SVKBB |d SNK |e AACR2 | ||
| 041 | 0 | |a slo |a eng | |
| 043 | |a e-xo--- | ||
| 044 | |a xo |c SK | ||
| 072 | 7 | |a 311 |x Štatistika |2 konspekt | |
| 080 | |a 338 |2 2011 | ||
| 080 | |a 308 |2 2011 | ||
| 080 | |a (437.642) |2 2011 | ||
| 080 | |a (083.41) |2 2011 | ||
| 080 | |a 314 |2 2011 | ||
| 080 | |a (036) |2 2011 | ||
| 080 | |a (058) |2 2011 | ||
| 245 | 0 | 0 | |a Banskobystrický kraj v číslach ... |
| 246 | 1 | 1 | |a Banskobystrický kraj in figures ... |
| 260 | |a Banská Bystrica |b Štatistický úrad Slovenskej republiky | ||
| 300 | |a zv. |b grafy, tab. |c 15-22 cm | ||
| 310 | |a 1x ročne | ||
| 500 | |a Súčasťou názvu je rok vydania a publikácia prinášala údaje za predchádzajúci rok | ||
| 500 | |a Od roku 2018 formát 15 x 21 cm | ||
| 500 | |a Autori publikácie: 2018, Gabriela Haasová, Jozef Špilka ; 2019-2020, Jozef Špilka | ||
| 500 | |a Popis podľa: R. 2011 | ||
| 530 | |a Vydanie aj online | ||
| 546 | |a Súbežný text anglický | ||
| 650 | 0 | 7 | |a obyvateľstvo |2 SNKPH |9 4654 |
| 650 | 0 | 7 | |a Population |2 SNKPHeng |9 265816 |
| 650 | 0 | 7 | |a hospodárske pomery |2 SNKPH |9 2287 |
| 650 | 0 | 7 | |a sociálne pomery |2 SNKPH |9 3879 |
| 650 | 0 | 7 | |a Economic conditions |2 SNKPHeng |9 265817 |
| 650 | 0 | 7 | |a Social conditions |2 SNKPHeng |9 265818 |
| 651 | 7 | |a Banskobystrický kraj (Slovensko) |2 SNKPHgeo |9 161506 | |
| 651 | 7 | |a Banská Bystrica Region (Slovakia) |2 SNKPHeng |9 265819 | |
| 655 | 7 | |a štatistiky |2 SNKPH |9 70182 | |
| 655 | 7 | |a Statistics |2 SNKPHeng |9 265580 | |
| 655 | 7 | |a informačné publikácie |2 SNKPH |9 70181 | |
| 655 | 7 | |a Information publications |2 SNKPHeng |9 265188 | |
| 655 | 7 | |a ročenky |2 SNKPH |9 57146 | |
| 655 | 7 | |a Yearbooks |2 SNKPHeng |9 120938 | |
| 700 | 1 | |a Haasová, Gabriela |4 com |9 265820 | |
| 700 | 1 | |a Špilka, Jozef |4 com |9 265821 | |
| 710 | 1 | |a Slovensko. |b Štatistický úrad. |b Pracovisko Banská Bystrica |4 pbl |9 265822 | |
| 776 | 0 | |t Banskobystrický kraj v číslach ... (CD-ROM) | |
| 910 | |a svkbb | ||
| 910 | |a snk | ||
| 919 | |a 978-80-8121-117-1 | ||
| 919 | |a 978-80-8121-663-3 | ||
| 919 | |a 978-80-8121-732-6 | ||
| 919 | |a 978-80-8121-798-2 | ||
| 999 | |c 1233 |d 3163 | ||
| 952 | |0 0 |1 0 |4 0 |7 0 |8 0 |a SNK |b SNK |d 2021-07-13 |i snk2021/8659 |l 0 |o snkČSE 283/2020 |p 17A1433705 |r 2026-02-21 19:58:53 |w 2026-02-21 |y PREZ |z Údaje za rok 2019 | ||
| 952 | |0 0 |1 0 |4 0 |7 0 |8 0 |a SNK |b SNK |d 2021-07-13 |i snk2021/8660 |l 0 |o snkČSE 283/2020 D1 |p 17A1433706 |r 2026-02-21 19:58:53 |w 2026-02-21 |y PREZ |z Údaje za rok 2019 | ||
| 952 | |0 0 |1 0 |4 0 |7 0 |8 0 |a SNK |b SNK |d 2012-07-27 |i snk2012/14910 |l 0 |o snkČSE 283/2011 |p 17A1032435 |r 2026-02-21 20:50:10 |w 2026-02-21 |y PREZ |z Údaje za rok 2010 | ||
| 952 | |0 0 |1 0 |4 0 |7 0 |8 0 |a SNK |b SNK |d 2012-07-27 |i snk2012/14911 |l 0 |o snkČSE 283/2011 D1 |p 17A1032434 |r 2026-02-21 20:50:10 |w 2026-02-21 |y PREZ |z Údaje za rok 2010 | ||
| 952 | |0 0 |1 0 |4 0 |7 0 |8 0 |a SNK |b SNK |d 2020-03-25 |i snk2020/7009 |l 0 |o snkČSE 283/2019 |p 17A1386378 |r 2026-02-21 21:42:44 |w 2026-02-21 |y PREZ | ||
| 952 | |0 0 |1 0 |4 0 |7 0 |8 0 |a SNK |b SNK |d 2020-03-25 |i snk2020/7010 |l 0 |o snkČSE 283/2019 D1 |p 17A1386379 |r 2026-02-21 21:42:44 |w 2026-02-21 |y PREZ | ||
| 952 | |0 0 |1 0 |4 0 |7 0 |8 0 |a SNK |b SNK |d 2019-03-22 |i snk2019/7952 |l 0 |o snkČSE 283/2018 |p 17A1342703 |r 2026-02-21 21:51:46 |w 2026-02-21 |y PREZ | ||
| 952 | |0 0 |1 0 |4 0 |7 0 |8 0 |a SNK |b SNK |d 2019-03-22 |i snk2019/7953 |l 0 |o snkČSE 283/2018 D1 |p 17A1342704 |r 2026-02-21 21:51:47 |w 2026-02-21 |y PREZ | ||


